Nguyễn Khuyến - Thơ, lời bình và giai thoại

Tuyển chọn những bài phê bình, giới thiệu về bút pháp và nhà thơ Nguyễn Khuyến. Cảm nhận từ những bài thơ tiêu biểu của nhà thơ và giai thoại về Nguyễn Khuyến

Gorde:
Xehetasun bibliografikoak
Egile nagusia: Nguyễn Khuyến
Formatua: Liburua
Hizkuntza:Vietnamese
Argitaratua: H. Văn Hóa Thông Tin 2000
Gaiak:
Etiketak: Etiketa erantsi
Etiketarik gabe, Izan zaitez lehena erregistro honi etiketa jartzen!
Thư viện lưu trữ: Mạng thư viện Đại học Đà Nẵng
LEADER 01372nam a2200361 4500
001 000004065
003 193
005 20121211001245.0
008 110714s2000 viesd
020 |c 52000 
041 0 |a vie 
082 |a 895.9221  |b NG-K 
100 0 |a Nguyễn Khuyến 
245 0 |a Nguyễn Khuyến - Thơ, lời bình và giai thoại  |c Mai Hương tuyển chọn và biên soạn 
260 |a H.  |b Văn Hóa Thông Tin  |c 2000 
300 |a 545tr  |c 21cm 
520 |a Tuyển chọn những bài phê bình, giới thiệu về bút pháp và nhà thơ Nguyễn Khuyến. Cảm nhận từ những bài thơ tiêu biểu của nhà thơ và giai thoại về Nguyễn Khuyến 
653 |a Phê bình văn học 
653 |a Nguyễn Khuyến 
653 |a Việt Nam 
653 |a Nhà thơ 
653 |a Văn học cận đại 
910 |a Nguyễn Thị Kim Oanh  |d 14/ 07/ 2011 
OWN |a LSP 
AVA |a UDN50  |b LSP  |d 895.9221 NG-K  |e available  |t Error 5001 Not defined in file expand_doc_bib_avail.  |f 4  |g 0  |h N  |i 0  |k 1 
999 |a From the UDN01 
AVA |a UDN50  |b LSP  |d 895.9221 NG-K  |e available  |t Error 5001 Not defined in file expand_doc_bib_avail.  |f 4  |g 0  |h N  |i 0  |k 1 
TYP |a Monograph 
TYP |a Printed language 
980 |a Mạng thư viện Đại học Đà Nẵng